000 00533 a2200229 4500
260 _aParis
100 _aGUERBER, R.
260 _bTechnique et Vulgarisation
245 _aLa pratique du tracteur : du motoculteur au tracteur de 60CV
300 _aVIII, 276 p.
650 _a<Tracteur><Machines agricoles>
260 _c1965
300 _bill., fig. ; 21 cm
130 _lFr.
035 _a6052
035 _a6053
035 _a6055
035 _a6056
999 _c11510
_d11510